| 000 | 00580nam a2200193 i 4500 | ||
|---|---|---|---|
| 001 | 119906 | ||
| 003 | ES-MaACL | ||
| 005 | 20230906191423.0 | ||
| 007 | t| | ||
| 008 | 070214s1957 sp |||| | spa d | ||
| 100 | 1 |
_aPérez-Rioja, José Antonio, _d1917-2011 _991109 |
|
| 245 | 1 | 0 |
_aGramática de la lengua española / _cJosé Antonio Pérez-Rioja. |
| 250 | _a2ª ed. corr. y aum. | ||
| 260 |
_aMadrid : _bTecnos, _c1957. |
||
| 300 |
_aX, 559 p. ; _c21 cm. |
||
| 650 | 4 |
_aLengua española- _xGramática. _914161 |
|
| 852 |
_aES-MaACL _jC-16974 |
||
| 999 |
_c119906 _d119906 |
||